000 00629nam a2200169 i 4500
001 154572
003 ES-MaACL
005 20250907063116.0
008 971205s1842 sp |||| | spa d
040 _aCAT
_bspa
_cCAT
_dCCPB
100 _aGonzalez Elipe, Francisco,
_dn. 1813
_9222250
245 1 0 _aPoesías de don Francisco Gonzalez Elipe.
260 _aMadrid :
_b[s.n.],
_c1842 (
_fImpr. de Vicente de Lalama)
300 _aXIX, 239 p. ;
_c19 cm.
852 _aES-MaACL
_jD-619
_z- Enc. tela
_x- Registro original: publicado bajo los auspicios del Liceo Artístico y Literario de Madrid
999 _c154572
_d154572